[Event "GER-chT Lands U20"]
[Site "Hannover"]
[Date "2023.10.01"]
[Round "1"]
[White "Kallweit, Paul"]
[Black "Dauner, Benedikt"]
[Result "0-1"]
[WhiteElo "1891"]
[BlackElo "2377"]
[PlyCount "72"]
[EventDate "2023.10.01"]
[EventType "team-swiss"]
[EventRounds "7"]
[EventCountry "GER"]
[SourceTitle "EXT 2024"]
[Source "ChessBase"]
[SourceDate "2023.10.10"]
[SourceVersion "1"]
[SourceVersionDate "2023.10.10"]
[SourceQuality "1"]

1. d4 Nf6 2. Bf4 d5 3. e3 e6 4. Nd2 c5 5. c3 Nc6 6. Ngf3 cxd4 7. exd4 Nh5 8. Be3 Bd6 9. Bd3 Nf4 10. Bxf4 Bxf4 11. g3 Bh6 12. 0-0 0-0 13. Re1 Bd7 14. b4 Rc8 15. a4 g6 16. Ra3 Re8 17. a5 Bg7 18. Qa1 e5 19. b5 e4 20. bxc6 Bxc6 21. Be2 exf3 22. Bxf3 Rxe1+ 23. Qxe1 Qd6 24. Qa1 h5 25. Nf1 Bh6 26. Qb2 Re8 27. Ra1 h4 28. a6 b6 29. Rd1 Qf6 30. Bg2 Qe6 31. f4 Qg4 32. Qc2 h3 33. Bh1 Bxf4 34. Qd3 Be3+ 35. Qxe3 Rxe3 36. Nxe3 Qe2 0-1

[Event "Mecklenburg VP Verbandsliga 2223"]
[Site "Mecklenburg VP"]
[Date "2022.11.27"]
[Round "3.2"]
[White "Kallweit, Paul"]
[Black "Hubert, Peter"]
[Result "1-0"]
[WhiteElo "1891"]
[BlackElo "2114"]
[PlyCount "79"]
[EventDate "2022.10.23"]
[EventType "team-tourn"]
[EventRounds "9"]
[EventCountry "GER"]
[SourceTitle "EXT 2024"]
[Source "ChessBase"]
[SourceDate "2023.10.10"]
[SourceVersion "1"]
[SourceVersionDate "2023.10.10"]
[SourceQuality "1"]
[WhiteTeam "Rostock SSC 07"]
[BlackTeam "Stralsund HSG"]
[WhiteTeamCountry "GER"]
[BlackTeamCountry "GER"]

1. c4 Nf6 2. g3 c5 3. Bg2 Nc6 4. Nc3 g6 5. d3 Bg7 6. Bd2 0-0 7. Nf3 e6 8. Qc1 d5 9. Bh6 d4 10. Bxg7 Kxg7 11. Nb5 a6 12. Na3 e5 13. Nd2 Bf5 14. 0-0 Qd7 15. Nc2 Rae8 16. f3 Bh3 17. Rf2 Bxg2 18. Rxg2 Nh5 19. Rb1 Qe7 20. a3 a5 21. b4 axb4 22. axb4 cxb4 23. Qb2 f5 24. Nxb4 Nxb4 25. Qxb4 Rf7 26. Qxe7 Rexe7 27. Rf2 Nf6 28. Rb6 e4 29. fxe4 fxe4 30. Nxe4 Nxe4 31. Rxf7+ Kxf7 32. dxe4 Rxe4 33. Rxb7+ Re7 34. Rb2 Re3 35. Rd2 Re4 36. Kf2 Ke6 37. Rd3 Rg4 38. Kf3 Kf5 39. h3 Re4 40. e3 1-0

[Event "GER-ch U18"]
[Site "Willingen"]
[Date "2022.06.10"]
[Round "8"]
[White "Bornholdt, Joa Max"]
[Black "Kallweit, Paul"]
[Result "1-0"]
[WhiteElo "2132"]
[BlackElo "1863"]
[PlyCount "59"]
[EventDate "2022.06.04"]
[EventType "swiss"]
[EventRounds "9"]
[EventCountry "GER"]
[SourceTitle "CBM 208 Extra"]
[Source "ChessBase"]
[SourceDate "2022.07.31"]
[SourceVersion "1"]
[SourceVersionDate "2022.07.31"]
[SourceQuality "1"]

1. Nf3 d5 2. c4 c6 3. d4 Nf6 4. Qc2 g6 5. Bf4 Bg7 6. e3 0-0 7. Nc3 Bf5 8. Qb3 Qb6 9. c5 Qxb3 10. axb3 Nbd7 11. h3 Ne4 12. g4 Nxc3 13. bxc3 Be4 14. Bg2 a6 15. 0-0 Rae8 16. Bc7 Rc8 17. Bg3 Rce8 18. Ra4 Bd3 19. Rc1 e5 20. Ne1 Bb5 21. Ra2 exd4 22. c4 dxe3 23. cxb5 exf2+ 24. Kxf2 Bd4+ 25. Kf1 Nxc5 26. Bd6 Rxe1+ 27. Rxe1 axb5 28. Bxf8 Kxf8 29. Ra7 Ne4 30. Ra8+ 1-0

[Event "GER-ch Net Amateur Gr-B Vor3"]
[Site "Playchess.com INT"]
[Date "2020.04.16"]
[Round "2"]
[White "Kempe, Caius Emilian"]
[Black "Kallweit, Paul"]
[Result "0-1"]
[WhiteElo "1462"]
[BlackElo "1620"]
[PlyCount "120"]
[EventDate "2020.04.16"]
[EventType "swiss (blitz)"]
[EventRounds "9"]
[EventCountry "GER"]
[SourceTitle "CBM 195 Extra"]
[Source "ChessBase"]
[SourceDate "2020.05.31"]
[SourceVersion "1"]
[SourceVersionDate "2020.05.31"]
[SourceQuality "1"]

1. d4 d5 2. c4 e6 3. Nc3 Nf6 4. c5 b6 5. cxb6 axb6 6. Bg5 Be7 7. Nf3 0-0 8. e3 c5 9. Bd3 Ba6 10. Bxa6 Rxa6 11. 0-0 Nc6 12. a4 h6 13. Bh4 Qd7 14. b3 Rfa8 15. Nb5 Ne8 16. Bxe7 Qxe7 17. Qc2 Nd6 18. Nxd6 Qxd6 19. Rfc1 Nb4 20. Qc3 Rc8 21. h3 Ra7 22. Qd2 Rac7 23. a5 bxa5 24. Rxa5 c4 25. bxc4 dxc4 26. Qc3 Nd5 27. Qa1 c3 28. Ra6 Qb4 29. Ra4 Qb5 30. Ra5 Qd3 31. Ne5 Qe4 32. Ra8 f6 33. Rxc8+ Rxc8 34. Nf3 c2 35. Ne1 Nb4 36. Qb2 Nd3 37. Nxd3 Qxd3 38. Kh2 Qd2 39. Kg3 Kh7 40. Kf3 Kg6 41. g3 Qd1+ 42. Kg2 Qd2 43. h4 Qd3 44. Kh2 Rc3 45. Kg2 Qd2 46. Kf3 Rc6 47. Kg2 Qd3 48. Kg1 h5 49. Kg2 Rc4 50. Kg1 Qd2 51. Kg2 e5 52. dxe5 fxe5 53. Kg1 Qd3 54. Kg2 Qe4+ 55. Kg1 Kf5 56. Kh2 Kg4 57. Kg1 Kh3 58. f3 Qxf3 59. Rxc2 Qd1+ 60. Kf2 Rxc2+ 0-1

[Event "Mecklenburg VP VL1819"]
[Site "Mecklenburg VP"]
[Date "2018.11.25"]
[Round "3.8"]
[White "Kallweit, Paul"]
[Black "Schumann, Lutz"]
[Result "1/2-1/2"]
[WhiteElo "1740"]
[BlackElo "1756"]
[PlyCount "73"]
[EventDate "2018.10.21"]
[EventType "team-tourn"]
[EventRounds "9"]
[EventCountry "GER"]
[SourceTitle "EXT 2022"]
[Source "ChessBase"]
[SourceDate "2021.10.06"]
[SourceVersion "1"]
[SourceVersionDate "2021.10.06"]
[SourceQuality "1"]
[WhiteTeam "Rostock SSC 07"]
[BlackTeam "Graal Mueritz"]
[WhiteTeamCountry "GER"]
[BlackTeamCountry "GER"]

1. Nf3 Nf6 2. d4 g6 3. c4 Bg7 4. Nc3 d6 5. e3 0-0 6. Be2 Nc6 7. d5 Nb4 8. a3 Na6 9. Nd4 e5 10. dxe6 fxe6 11. 0-0 e5 12. Nb3 Be6 13. e4 Qd7 14. h3 Qf7 15. Nd2 c6 16. Qc2 Rac8 17. Nf3 h6 18. Nh4 Bxc4 19. Bxc4 Qxc4 20. Nxg6 Rf7 21. Nh4 Nc5 22. f3 Nb3 23. Rb1 Nxc1 24. Rbxc1 Qe6 25. Rfd1 Rd8 26. Qf2 Nh5 27. Nf5 Bf8 28. Qh4 Nf6 29. Nxh6+ Bxh6 30. Qxh6 Rg7 31. Qh4 Kf7 32. g4 Rdg8 33. Kf2 Rh7 34. Qg3 Nh5 35. Qh4 Nf6 36. Qg3 Nh5 37. Qh4 1/2-1/2

[Event "Rostock SSC op 17th"]
[Site "Rostock"]
[Date "2018.07.15"]
[Round "7.11"]
[White "Kallweit, Paul"]
[Black "Bergenwall, Henric"]
[Result "1/2-1/2"]
[WhiteElo "1729"]
[BlackElo "1971"]
[PlyCount "40"]
[EventDate "2018.07.11"]
[EventType "swiss"]
[EventRounds "7"]
[EventCountry "GER"]
[SourceTitle "EXT 2019"]
[Source "ChessBase"]
[SourceDate "2018.10.10"]
[SourceVersion "1"]
[SourceVersionDate "2018.10.10"]
[SourceQuality "1"]

1. Nf3 d6 2. d4 c6 3. Nc3 g6 4. e4 Bg4 5. Be2 Bg7 6. Be3 Qc7 7. h3 Bxf3 8. Bxf3 e5 9. Qd2 Na6 10. 0-0-0 Nf6 11. Kb1 0-0 12. dxe5 dxe5 13. Qd6 Rfc8 14. Na4 b5 15. Qxc7 Rxc7 16. Nc5 Nxc5 17. Bxc5 Bf8 18. Bd6 Bxd6 19. Rxd6 Ne8 20. Rd3 Kf8 1/2-1/2

[Event "Rostock SSC op 17th"]
[Site "Rostock"]
[Date "2018.07.13"]
[Round "4.13"]
[White "Fromm, Marius"]
[Black "Kallweit, Paul"]
[Result "1-0"]
[WhiteElo "2022"]
[BlackElo "1729"]
[PlyCount "81"]
[EventDate "2018.07.11"]
[EventType "swiss"]
[EventRounds "7"]
[EventCountry "GER"]
[SourceTitle "EXT 2019"]
[Source "ChessBase"]
[SourceDate "2018.10.10"]
[SourceVersion "1"]
[SourceVersionDate "2018.10.10"]
[SourceQuality "1"]

1. Nf3 d5 2. c4 e6 3. g3 Nf6 4. Bg2 dxc4 5. Qa4+ Bd7 6. Qxc4 c5 7. Ne5 Qc7 8. Nxd7 Nbxd7 9. 0-0 Be7 10. d3 0-0 11. Qc2 Nd5 12. a3 Rfd8 13. Nd2 Rac8 14. b3 Bf6 15. Bb2 Bxb2 16. Qxb2 Qe5 17. Qxe5 Nxe5 18. Rac1 Nc6 19. Rfd1 Nd4 20. Kf1 b6 21. e3 Nb5 22. Nc4 Nbc3 23. Rd2 Nb5 24. Bf3 Nd6 25. Ke2 Kf8 26. h4 Ke7 27. Rb2 b5 28. Nxd6 Kxd6 29. Rbc2 Nb6 30. Bb7 Rb8 31. Be4 f5 32. Bf3 Rdc8 33. b4 c4 34. dxc4 Nxc4 35. a4 Nb6 36. Rc6+ Rxc6 37. Rxc6+ Kd7 38. axb5 Na4 39. Ra6 Nc3+ 40. Kd3 Nxb5 41. Bc6+ 1-0